| 000 | 00811nam a2200253 a 4500 | ||
|---|---|---|---|
| 001 | 8900 | ||
| 003 | BD-RjUL | ||
| 005 | 20211208234656.0 | ||
| 008 | 170509s1959 nyua 101 0 eng d | ||
| 035 | _a(BD-RjUL)8945 | ||
| 040 |
_aDLC/ICU _cICU _dBD-RjUL _beng |
||
| 041 | _aeng | ||
| 082 | 0 | 0 |
_a541.3687 _bKIN 1959 _223 |
| 245 | 0 | 0 |
_aKinetics of high-temperature processes / _cW.D. Kingery, editor |
| 260 |
_aNew York : _bJohn Wiley & Sons, _c1959. |
||
| 300 |
_axvi, 326 p. : _bill. ; _c28 cm. |
||
| 500 | _aIncludes index. | ||
| 650 |
_aHigh temperatures _9209194 |
||
| 700 | 1 |
_aKingery, W. D.;editor _927666 |
|
| 830 |
_aTechnology Press books in science and engineering ; _9212633 |
||
| 942 |
_2ddc _cBK |
||
| 999 |
_c8900 _d8900 |
||